| 000 | 00968nam a2200265Ia 4500 | ||
|---|---|---|---|
| 003 | OSt | ||
| 005 | 20221005104845.0 | ||
| 006 | a|||||r|||| 00| 0 | ||
| 007 | ta | ||
| 008 | 221004b |||||||| |||| 00| 0 hin d | ||
| 020 |
_a8174531386 (hbk) _c595 |
||
| 024 | _a100986 | ||
| 037 |
_b408, 23/03/2010, Swaraj Prakashan _cTextual |
||
| 040 |
_aCRL _cCRL _bhin |
||
| 041 |
_2hin _ahin |
||
| 082 | _aO152,1M5:g(R5), P4 | ||
| 100 | _aसविता | ||
| 245 | 0 | _aरीतिकातीन नीतिकवियों की सौंदर्य - चेतना | |
| 246 | _aRītikātīn nītikaviyoan kī sauandarya - chetanā | ||
| 260 |
_aदिल्ली _bसंजय प्रकाशन भारत _c2004 |
||
| 300 |
_a341पृ0 _ccm. |
||
| 650 | _aहिन्दी साहित्य | ||
| 942 |
_hO152,1M5:g(R5), P4 _cTEXL _2cc |
||
| 999 |
_c1014000 _d1014000 |
||